Ownership and governance of enterprises : recent innovative developments (Record no. 3222)

MARC details
000 -LEADER
fixed length control field 00674nam a2200217Ia 4500
020 ## - INTERNATIONAL STANDARD BOOK NUMBER
ISBN 1-4039-1633-0
082 ## - DEWEY DECIMAL CLASSIFICATION NUMBER
Classification number 338.6 OWN;
245 #0 - TITLE STATEMENT
Title Ownership and governance of enterprises : recent innovative developments
260 ## - PUBLICATION, DISTRIBUTION, ETC. (IMPRINT)
Place of publication Hampshire
Name of publisher Palgrave Macmillan
Year of publication 2003
300 ## - PHYSICAL DESCRIPTION
Number of Pages 261p.
440 ## - SERIES STATEMENT/ADDED ENTRY--TITLE
Title Studies in development economics and policy
504 ## - BIBLIOGRAPHY, ETC. NOTE
Bibliography, etc Includes index
650 ## - SUBJECT ADDED ENTRY--TOPICAL TERM
Topical Term Stock ownership - Case studies
650 ## - SUBJECT ADDED ENTRY--TOPICAL TERM
Topical Term Ownership of stock
650 ## - SUBJECT ADDED ENTRY--TOPICAL TERM
Topical Term Governance, corporate
650 ## - SUBJECT ADDED ENTRY--TOPICAL TERM
Topical Term Corporate ownership
650 ## - SUBJECT ADDED ENTRY--TOPICAL TERM
Topical Term Industrial management - Case studies
650 ## - SUBJECT ADDED ENTRY--TOPICAL TERM
Topical Term Corporate governance - Case studies
700 ## - ADDED ENTRY--PERSONAL NAME
Personal name Sun, Laixiang
942 ## - ADDED ENTRY ELEMENTS (KOHA)
Koha item type Books
Holdings
Withdrawn status Lost status Damaged status Not for loan Home library Current library Date acquired Bill Date Full call number Accession Number Price effective from Koha item type
        NASSDOC Library NASSDOC Library 09/09/2004 2004-10-05 338.6 OWN; 39200 18/04/2019 Books